000
00315nam a22001337a 4500
008
171005b xxu||||| |||| 00| 0 eng d
020
_a
9781429246699
041
_a
eng
080
_a
159.9
100
_a
49
101
_a
PSI
245
_a
WAHT AGUIDE TO BIOLOGY WITH PHYSIOLOGY
_c
PHELAN.J
942
_2
udc
_c
BK
999
_c
32057
_d
32057